00328nam a22001217a 450000500170000002000220001703500120003903700130005110000190006424500640008326000400014730000190018720120321114934.0 a817108396Xc55.00 aB-29687 aDPLbENG aHeidish, Marcy aCaring :bSimple ways you can reach out /cby Marcy Heidish aMumbaibBetter Yourself Booksc2000 a167p.c18 cms.